000
003120000a22001450004500
003
MACL
040
_a
MACL
090
_c
32396
_d
32394
100
_a
Ajaz, Dr. S M
245
_a
Objective Sociology
260
_b
Bright Careers institus
350
_a
300
650
_a
sociology Science
942
_c
BOOK
_k
301/aja
999
_c
32066
_d
32066